• 首页
  • 本馆介绍
  • 公告通知
  • 最新文献
  • 馆藏检索
  • 电子资源
  • 读者导购
  • 参考咨询
  • 我的图书馆
  • 登录
  • 详细信息显示
  • 放入我的书架
  • 预约/预借图书
  • 作者相关作品
  • 分类相关作品
  • 丛书相关作品
  • 出版社相关作品

书目信息

  • 表格格式
  • 工作单格式
  • 卡片格式
题名:
桃大棚早熟丰产栽培技术
    
 
作者: 王国平 编著
分册:  
出版信息: 北京   金盾出版社  2003
页数: 150页
开本: 20cm
丛书名:
单 册:
中图分类: S662.1
科图分类:
主题词: 果树园艺
电子资源:
ISBN: 7-5082-1015-8
000 00569nam0 2200193 450
001 0731859291
005 20070724083133.54
010    @a7-5082-1015-8@dCNY7.00
100    @a20070713d2003 km y0chiy0120 ea
101 0  @achi
102    @aCN
200 1  @a桃大棚早熟丰产栽培技术@Atao da peng zao shu feng chan zai pei ji shu@f王国平等编著@Fwang guo ping deng bian zhu
210    @a北京@c金盾出版社@d2003
215    @a150页@d20cm
606 0  @a果树园艺
690    @aS662.1@v3
701  0 @a王国平@Awang guo ping@4编著
801  0 @aCN@bPFT@c20070724
905    @a10447@dS662.1@e175
    
    桃大棚早熟丰产栽培技术/王国平等编著.-北京:金盾出版社,2003
    150页;20cm
    
    
    ISBN 7-5082-1015-8:CNY7.00
    
●
相关链接 在E读中查询图书 在五车中查询图书 在当当中查询图书 在豆瓣中查询图书


正题名:桃大棚早熟丰产栽培技术     索取号:S662.1/175         预约/预借

序号 登录号 条形码 馆藏地/架位号 状态 备注
1 0769756   207697562   第二样本阅览室/ [索取号:S662.1/175] 在馆    
唐山师范学院图书馆 欢迎您!
大连网信软件有限公司© 版权所有